| 000 | 00925nam a2200289Ia 4500 | ||
|---|---|---|---|
| 005 | 20250425160748.0 | ||
| 008 | 250425s9999 xx 000 0 und d | ||
| 020 | _a9586390497 | ||
| 041 | _aspa | ||
| 043 | _ack | ||
| 082 | _a152.5 | ||
| 100 | _aDYER, WAYNE W. | ||
| 245 | 0 | _aEVITE SER UTILIZADO | |
| 250 | _a6A ED. | ||
| 260 | _aBOGOTA | ||
| 260 |
_aColombia _bGRIJALBO _c1998 |
||
| 300 | _a358 | ||
| 500 | _a1978 Dr. Wayne W. Dyer primera edicion en Ingles 1979 Edicione Grijalbo, SA primera edicion en español | ||
| 500 | _aTítulo Traducido: PULLING YOUR OWN STRINGS | ||
| 520 | _aAYUDA A CONTRARRESTAR LOS DESAFUEROS DE FUNCIONARIOS INTRATABLES, COLABORADORES ABUSONES, PARIENTES EGOISTAS Y CON DEMASIADA FRECUENCIA DE USTEDMISMO. | ||
| 650 | _aDINAMICA DE GRUPO | ||
| 650 | _aVALORACION | ||
| 700 |
_aBARTOLOME LOPEZ, MANUEL _etraductor |
||
| 710 | _aGRIJALBO | ||
| 942 | _c01 | ||
| 010 | _a4667 | ||
| 999 |
_c195638 _d195638 |
||